000 00399nam a22001577a 4500
003 OSt
005 20240403121447.0
008 240403b |||||||| |||| 00| 0 eng d
040 _cCentral Library MRSPTU
100 _aParamahansa Yogananda
245 _aAutobiography of a Yogi
250 _a4th
260 _aKolkata
_bYogoda Satsanga Society of India
_c2016
300 _a508
942 _2ddc
_cBK
_n0
999 _c9963
_d9963